000
00345 a2200169 4500
001
56839
020
_a
8532206239
040
_c
Anchieta - Pituba
100
_a
Galdino, Luiz
240
1
0
_a
SaruĂȘ, zambi!
_l
por
245
1
0
_a
SaruĂȘ, zambi!
300
_a
87
362
0
_a
1997
440
1
_a
FTD
650
4
_a
Literatura juvenil
942
_c
BK
999
_c
56839
_d
56839